00583nam a2200133Ia 4500008004100000100002900041245015200070260002600222300001800248650001200266856007900278999001900357952007300376160712s9999 xx 000 0 und d aAbog, Maria Kim Feliz N. cMaria Kim Feliz N. Abog,aAssessment of acute toxicity of thiamethoxam (Actara® 25WG) to Achatina fulica and its potential ecological applications c2012bScience Diliman avol. 24 no. 2 xSCIENCE uhttp://journals.upd.edu.ph/index.php/sciencediliman/issue/view/386/showToc c297477d297477 001040aCLbCLd2016-07-12l0r2016-07-12 00:00:00w2016-07-12yFEJ